Star Academy - Profs de la saison 10 (2022) - Statistiques

Statistiques générales
  • Ce quiz a été pris 212 fois
    203 depuis la dernière actualisation
  • Le résultat moyen est 7 sur 8
Statistiques - réponses
Hint Réponse % Correct
Répétitrices Lucie Bernardoni
98%
Répétitrices Marlène Schaff
97%
Prof de Chant Adeline Toniutti
96%
Directeur Michael Goldman
95%
Prof de théâtre Pierre de Brauer
86%
Prof de danse Yanis Marshall
83%
Prof de sport Joël Bouraïma / Coach Joe
76%
Prof d'expression scénique Laure Balon
62%
Aucun quiz correspondant
Distribution des résultats
% des personnes avec chaque résultat
Percentile par nombre de réponses
Votre historique - résultats
Vous n’avez pas pris ce quiz depuis la dernière actualisation